Responses for Show #3965 - Friday, November 23, 2001

Trevor Norris game 5.

Contestants

[<< previous game]

Jake Storms, an actor originally from Sandy, Oregon

Betsy Archbold, a freelance writer and personal shopper from Austin, Texas

Trevor Norris, a management analyst from Washington, D.C. (whose 4-day cash winnings total $38,603)

[next game >>]

Jeopardy! Round responses

THE IBERIAN PENINSULA
BRAND NAMES
REWRITTEN TOMBSTONES
FILMS OF THE '70s
(Alex: 1970s, of course.)
MILITARY MATTERS
ABOUT "FACE"
    $100 1
Morocco

Jake
    $100 4
Oscar Mayer

Betsy
    $100 11
Ulysses S. Grant

Betsy
    $100 12
Blazing Saddles

Trevor
    $100 17
Virginia Military Institute

Betsy
    $100 16
facelift

Trevor
    $200 2
saffron

Jake
    $200 5
Uncle Ben's

Betsy
    $200 13
Humphrey Bogart

Trevor
    $200 15
The Sting

Jake
    $200 24
(Alex: Neil Armstrong was a civilian employed by NASA.)

Edwin "Buzz" Aldrin

Triple Stumper
    $200 23
face value

Trevor
    $300 3
(Jake: What is Majorca?)
....
(Alex: A lot of British tourists in Majorca, but it doesn't belong to them.)

Gibraltar

BetsyJake
    $300 6
Cap'n Crunch

Betsy
    $300 14
Alexander Graham Bell

Betsy
    $300 18
The Sunshine Boys

Betsy
    $300 25
Mustang

Trevor
    $300 28
saving/keeping face

Trevor
    $400 9
brandy

Trevor
    $400 7
(Alex: We found your clue!)

Jack Daniels

Trevor
    $400 20
Cleopatra

Trevor
    $400 19
Shaft

Trevor
    $400 26
Uzi

Trevor
    $400 29
Face the Music

Betsy
    $500 10
Valencia

Trevor
    $500 8
Duncan Hines

Trevor
    $500 21
Alfred Lord Tennyson

Jake
    $500 22
Midnight Express

Triple Stumper
    $500 27
Al Gore

Triple Stumper
    $500 30
A Face in the Crowd

Jake

Scores at the first commercial break (after clue 15):

Trevor Betsy Jake
$2,100 $1,300 $200

Scores at the end of the Jeopardy! Round:

Trevor Betsy Jake
$4,200 $2,100 $1,200

Double Jeopardy! Round responses

CELEBRATED AFRICAN-AMERICANS
THE STATUE OF LIBERTY
ALL LIT UP
(Alex: It is not necessarily about lightning; we're referring to literature.)
SPORTS TALK
ROBERT SCHUMANN
CROSSWORD CLUES "F"
    $200 2
Malcolm X

Trevor
    $200 21
copper

Trevor
    $200 16
(Trevor: Who is Powell?)

Norman Schwarzkopf

TrevorJake
    $200 1
heat

Trevor
    $200 26
(Alex: And we have less than a minute now.)

childhood

Trevor
    $200 6
flock

Trevor
    $400 3
Joe Louis

Betsy
    $400 22
Immigration

Trevor
    $400 17
"The Little Engine That Could"

Trevor
    $400 4
bunker

Trevor
    $400 27
spring

Trevor
    $400 12
fraternal

Trevor
    $600 5
Maya Angelou

Jake
    $600 23
Joseph Pulitzer

Trevor
    $600 18
Electric Sheep

Jake
    $600 9
individual medley

Betsy
    $600 28
Dresden

Jake
    $600 13
fuselage

Trevor
    $800 7
Thurgood Marshall

Trevor
    $800 24
Rouen

Triple Stumper
    $1,000 19
The Mousetrap

Jake
    $800 10
en garde

Jake
    $800 29
the Rhine

Triple Stumper
    $800 14
film noir

Betsy
    $1000 8
Barbara Jordan

Betsy
    $1000 25
Isaac Bedloe

Triple Stumper
    $1000 20
The Outsiders

Jake
    $1000 11
the crease

Jake
    $1000 30
Ludwig van Beethoven

Trevor
    $1000 15
Fawkes

Jake

Scores at the end of the Double Jeopardy! Round:

Trevor Betsy Jake
$10,000 $4,900 $8,000

[wagering suggestions for these scores]

Final Jeopardy! Round responses

ANCIENT ROMANS
(Alex: Trevor, which of the brand new automobiles would you like?)
(Trevor: I've selected the Tahoe.)
(Alex: You're going to have a long wait until our next Tournament of Champions, but that's okay--plenty of time to study!)
BetsyWho was Pontius Pilate?
$100
JakeWho was Nero?
$1,800
TrevorWho is Pontius Pilate?
$6,001
Pontius Pilate

Final scores:

Trevor Betsy Jake
$16,001 $5,000 $6,200
5-day champion: $54,604 3rd place: Trip to Resort at Squaw Creek 2nd place: Trip to Los Cabos, Mexico

Game dynamics:

Coryat scores:

Trevor Betsy Jake
$10,000 $4,900 $7,800
27 R
(including 2 DDs),
1 W
13 R,
0 W
14 R
(including 1 DD),
1 W

Combined Coryat: $22,700

[game clues] [game scores] [suggest correction]

Game tape date: 2001-08-28
The J! Archive is created by fans, for fans. Scraping, republication, monetization, and malicious use prohibited; this site may use cookies and collect identifying information. See terms. The Jeopardy! game show and all elements thereof, including but not limited to copyright and trademark thereto, are the property of Jeopardy Productions, Inc. and are protected under law. This website is not affiliated with, sponsored by, or operated by Jeopardy Productions, Inc. Join the discussion at JBoard.tv.